| 000 | 00621nam a22001937a 4500 | ||
|---|---|---|---|
| 999 |
_c19702 _d19702 |
||
| 003 | AR-CdUCM | ||
| 008 | 190520b ||||| |||| 00| 0 spa d | ||
| 040 |
_aMUNICIPALIDAD PROVINCIAL DEL CUSCO _cBIBLIOTECA MUNICIPAL DEL CUSCO |
||
| 082 |
_a956 / _bP78 |
||
| 100 |
_aPortal, Ismael _941206 |
||
| 245 | _aLima de ayer y hoy / | ||
| 260 |
_aLima : _bHoracio la Rosa y co, _c1912. |
||
| 300 |
_a246 páginas ; _c23 cm. |
||
| 505 | _aContenido : Nuestros médicos -- La zambita -- Carrera militar -- Cosas de la vecindad... | ||
| 650 |
_aSociedad _953 |
||
| 650 |
_aCostumbres _9230 |
||
| 942 |
_2ddc _cLIBROS |
||
| 945 | _arcc | ||